| 000 | 00720nam a22001937a 4500 | ||
|---|---|---|---|
| 005 | 20251108175904.0 | ||
| 008 | 250721s2021 xx 000 0 ara d | ||
| 082 | 1 | 4 | _a904.7/حنو |
| 100 | 1 |
_aحنون، ماهر _eمؤلف |
|
| 245 | 1 | 0 |
_aالمائة الاشرار الاوائل في العالم : _bموسوعة تاريخية عن الفساد والظلم والشر والتآمر من بداية خلق الانسان حتى نهاية العالم / |
| 264 | 1 |
_aعمان : _bدار المأمون، _c2021. |
|
| 300 | _a488ص. | ||
| 650 | 1 | 7 | _aالتاريخ |
| 650 | 1 | 7 | _aالشخصيات التاريخية |
| 650 | 1 | 7 | _aالفساد |
| 650 | 1 | 7 | _aالظلم |
| 942 |
_2ddc _cBK |
||
| 999 |
_c144804 _d144804 |
||